[Event "CRI-ch"]
[Site "San Jose"]
[Date "2020.01.12"]
[Round "4"]
[White "Munoz Garcia, Flavio Estuardo"]
[Black "Diaz Charpentier, Kristel Melissa"]
[Result "1-0"]
[WhiteElo "1867"]
[BlackElo "1753"]
[PlyCount "107"]
[EventDate "2020.01.10"]
[EventType "swiss"]
[EventRounds "11"]
[EventCountry "CRI"]
[SourceTitle "CBM 194 Extra"]
[Source "ChessBase"]
[SourceDate "2020.03.31"]
[SourceVersion "1"]
[SourceVersionDate "2020.03.31"]
[SourceQuality "1"]

1. c4 e5 2. Nc3 Nf6 3. e3 d5 4. cxd5 Nxd5 5. Bc4 Nb6 6. Bb3 Be7 7. Nge2 Nc6 8. 0-0 0-0 9. d4 exd4 10. exd4 Bf5 11. Bf4 Bf6 12. d5 Ne7 13. Bg3 h5 14. h3 Qd7 15. Qd2 h4 16. Bh2 Ng6 17. Nd4 Ne7 18. Rfd1 Bg6 19. Ndb5 Bxc3 20. Nxc3 Rad8 21. Qf4 Rc8 22. Qxh4 Nf5 23. Qg5 Nd6 24. Rd4 Rfe8 25. a4 a5 26. h4 Re7 27. h5 Rce8 28. Bxd6 Re1+ 29. Rxe1 Rxe1+ 30. Kh2 Qxd6+ 31. g3 Re5 32. Qg4 Rxh5+ 33. Kg2 Qe7 34. d6 cxd6 35. Qxg6 Rh6 36. Qg4 Qe1 37. Rd1 Qe5 38. Rh1 Rxh1 39. Kxh1 d5 40. Qf4 Qe6 41. Kg2 Qc6 42. Qd4 Nc4 43. Qxd5 Qxd5+ 44. Nxd5 Nd2 45. Bd1 Nc4 46. b3 Ne5 47. Be2 f6 48. f4 Nc6 49. Bc4 Kf8 50. Kf3 f5 51. Ke3 Ke8 52. Bb5 Kd7 53. Bxc6+ bxc6 54. Nb6+ 1-0